The emerging feminine: (Record no. 155672)

MARC details
000 -LEADER
fixed length control field 00644nam a22001937a 4500
005 - DATE AND TIME OF LATEST TRANSACTION
control field 20180809113115.0
010 ## - LCCN (DPL NO)
LC control number ENG-123835
020 ## - INTERNATIONAL STANDARD BOOK NUMBER
International Standard Book Number 9789383125036
Terms of availability 495.00
035 ## - SYSTEM CONTROL NUMBER
System control number EN-107367
037 ## - SOURCE OF ACQUISITION
Source of stock number/acquisition DBAD/PUB
082 ## - DEWEY DECIMAL CLASSIFICATION NUMBER
Classification number 155.3330954
100 ## - MAIN ENTRY--PERSONAL NAME
Personal name Imhasly-Gandhy, Rashna
245 ## - TITLE STATEMENT
Title The emerging feminine:
Statement of responsibility, etc by Rashna Imhasly-Gandhy
Remainder of title discovering the heroine within /
260 ## - PUBLICATION, DISTRIBUTION, ETC. (IMPRINT)
Date of publication, distribution, etc 2014
Place of publication, distribution, etc New Delhi
Name of publisher, distributor, etc Yatra Books
270 ## - ADDRESS
City New Delhi
300 ## - PHYSICAL DESCRIPTION
Extent xv,454p.
Dimensions 20cm.(pbk)
500 ## - GENERAL NOTE
General note It includes source notes, bibliography, copyright acknowledgements and acknowledgements
942 ## - ADDED ENTRY ELEMENTS (KOHA)
Source of classification or shelving scheme Dewey Decimal Classification
Item type English Books
Classification part 155.3330954
Call number suffix IMH
Holdings
Withdrawn status Lost status Not for loan Collection code Home library Current library Date acquired Source of acquisition Cost, normal purchase price Full call number Barcode Copy number Cost, replacement price Koha item type
    Not For Loan Non-fiction D.B.Act.Division Central Library 08/08/2018 DBAD/PUB 495.00 155.3330954 IMH EN-107367 1 495.00 English Books

© Delhi Public Library
Hit Counter
free hit counter